000 00275nam a2200109Ia 4500
008 200302s9999 xx 000 0 und d
100 _aFrancois Penz
245 _aComputers Architecture Tools for Design
260 _bLongman Group UK Ltd.
260 _c1992
300 _a152 P.,
999 _c5180
_d5180